Theologia Moralis universa
Uloženo v:
| Hlavní autor: | |
|---|---|
| Médium: | Kniha |
| Jazyk: | latina |
| Vydáno: |
Barcelona
Jacobum Subirana
1859
|
| Vydání: | 3a. ed |
| Témata: | |
| Tagy: |
Přidat tag
Žádné tagy, Buďte první, kdo vytvoří štítek k tomuto záznamu!
|
MARC
| LEADER | 00000cam a2200000 a 4500 | ||
|---|---|---|---|
| 001 | UCD2269 | ||
| 003 | CL-VaPUC | ||
| 008 | 160421e18590000sp |||||||||||||||||lat|d | ||
| 082 | 0 | 4 | |a 241 |b SCA |2 21 |
| 100 | 0 | |a Scavini, Petro |e author |9 585581 | |
| 245 | 1 | 0 | |a Theologia Moralis universa |
| 250 | |a 3a. ed | ||
| 300 | |a t | ||
| 942 | |c BK | ||
| 945 | |d 20160421 23:07:00 |a dcastane | ||
| 260 | |a Barcelona |b Jacobum Subirana |c 1859 | ||
| 650 | 0 | |a Teología moral |9 256617 | |
| 583 | |a last modification |c 20160421 23:07:00 |k Rodrigo Vera | ||
| 999 | |c 363432 |d 363430 | ||
| 952 | |0 0 |1 0 |3 erd |4 0 |6 241_000000000000000_SCA_1859 |7 0 |8 X |9 475760 |a BIBTEO |b BIBTEO |c TEO_FFR |h t.1 |i 5225647 |o 241 SCA 1859 |p 5225647 |r 2024-01-18 |w 2019-11-24 |y BK_X |z Catalogado en:20160421 |k OFM | ||
| 952 | |0 0 |1 0 |3 erd |4 0 |6 241_000000000000000_SCA_1859 |7 0 |8 X |9 475761 |a BIBTEO |b BIBTEO |c TEO_FFR |h t.2 |i 5225655 |o 241 SCA 1859 |p 5225655 |r 2024-01-18 |w 2019-11-24 |y BK_X |z Catalogado en:20160421 |k OFM | ||